Statistics for Palette-swapped Mortal Kombat Characters

Click here to take the quiz!

General Stats

  • This quiz has been taken 66 times
  • The average score is 13 of 14

Answer Stats

Hint Answer % Correct
GreenReptile
98%
BlueSub-Zero
98%
GreySmoke
98%
YellowScorpion
96%
BlueKitana
95%
BlackNoob Saibot
93%
GreenJade
93%
RedErmac
91%
PurpleRain
91%
YellowCyrax
91%
PurpleMileena
88%
RedSektor
86%
Transparent/all of the aboveChameleon
70%
GreyKhameleon
68%

Score Distribution

Percentile by Number Answered

Percent of People with Each Score

Your Score History

You have not taken this quiz